| 000 | 00662nam a22001577a 4500 | ||
|---|---|---|---|
| 003 | OSt | ||
| 005 | 20151113092509.0 | ||
| 008 | 151113b xxu||||| |||| 00| 0 eng d | ||
| 040 | _cRUA | ||
| 082 | _aFOR PHA 2006 B133 Or.1 | ||
| 100 |
_93633 _aPHATH, SOPHEA. |
||
| 245 | _aStudy on wood processing products improving and market flows in stung treng village commune district province (ការសិក្សាផលិតផលឈើកែច្នៃនៅលើទីផ្សារឃុំស្ទឺងត្រែងខេត្តស្ទឺងត្រែង) | ||
| 260 |
_aPhnom Penh _bRUA _c2006 |
||
| 300 |
_ax, 59p. _bill. _c29cm. |
||
| 942 |
_2ddc _cFOR |
||
| 999 |
_c3382 _d3382 |
||